| 000 | 00654nam a22001817a 4500 | ||
|---|---|---|---|
| 005 | 20140421123731.0 | ||
| 010 | _aENG-109180 | ||
| 020 |
_a9788128019258 _c80.00 |
||
| 035 | _aEN-92713 | ||
| 037 | _bDBAD/PUB | ||
| 082 | _a863.1 | ||
| 100 | _aTagore,Rabindranath | ||
| 245 |
_aGitanjali : _cby Rabindranath Tagore _bsong offerings : a collection of prose translations made by the author from the original Bengali with an introduction by W.B. Yeats / |
||
| 260 |
_bSapna Book House _c2012 _aBangalore |
||
| 270 |
_bBangalore _e560009 _a3rd Main Road, Gandhinagar |
||
| 300 |
_a115p. _c22cm(pbk) |
||
| 942 |
_2ddc _cEN _mTAG _h863.1 |
||
| 999 |
_c82176 _d82176 |
||